000 nam a22 7a 4500
999 _c129132
_d129132
008 190306b xxu||||| |||| 00| 0 eng d
050 _aB741.S5 1982
100 _aSheikh, Saeed M.
_945005
245 _aIslamic philosophy
_cM. Saeed Sheikh
260 _aLondon
_bThe Octagon Press
_c1982
300 _ax, 174p. ;
_c22cm.
500 _aPublished originally in 1962
650 _aIslamic philosophy
_929734
942 _2lcc
_cMONOGRAPH